<?xml version="1.0" encoding="UTF-8"?>
<record
    xmlns:xsi="http://www.w3.org/2001/XMLSchema-instance"
    xsi:schemaLocation="http://www.loc.gov/MARC21/slim http://www.loc.gov/standards/marcxml/schema/MARC21slim.xsd"
    xmlns="http://www.loc.gov/MARC21/slim">

  <leader>00572nam a2200217   4500</leader>
  <controlfield tag="001">68051</controlfield>
  <controlfield tag="005">20260427132855.0</controlfield>
  <datafield tag="010" ind1=" " ind2=" ">
    <subfield code="a">978-989-671-255-6</subfield>
  </datafield>
  <datafield tag="090" ind1=" " ind2=" ">
    <subfield code="a">68051</subfield>
  </datafield>
  <datafield tag="100" ind1=" " ind2=" ">
    <subfield code="a">20230112d2016    m||y0pory50030103ba</subfield>
  </datafield>
  <datafield tag="101" ind1="0" ind2=" ">
    <subfield code="a">por</subfield>
  </datafield>
  <datafield tag="102" ind1=" " ind2=" ">
    <subfield code="a">PT</subfield>
  </datafield>
  <datafield tag="200" ind1="1" ind2=" ">
    <subfield code="a">Persianas</subfield>
    <subfield code="f">Miguel-Manso</subfield>
    <subfield code="g">coord. cole&#xE7;&#xE3;o Pedro Mexia</subfield>
  </datafield>
  <datafield tag="205" ind1=" " ind2=" ">
    <subfield code="a">2&#xAA; ed</subfield>
  </datafield>
  <datafield tag="210" ind1=" " ind2="9">
    <subfield code="a">Lisboa</subfield>
    <subfield code="c">Tinta-da-China</subfield>
    <subfield code="d">2016</subfield>
  </datafield>
  <datafield tag="215" ind1=" " ind2=" ">
    <subfield code="a">196, [11] p.</subfield>
  </datafield>
  <datafield tag="675" ind1=" " ind2=" ">
    <subfield code="a">821.134.3-1"20"</subfield>
    <subfield code="v">BN</subfield>
    <subfield code="z">por</subfield>
  </datafield>
  <datafield tag="700" ind1=" " ind2="1">
    <subfield code="a">Manso</subfield>
    <subfield code="b">Miguel</subfield>
    <subfield code="f">1979-</subfield>
    <subfield code="9">52979</subfield>
  </datafield>
  <datafield tag="702" ind1=" " ind2=" ">
    <subfield code="a">Mexia</subfield>
    <subfield code="b">Pedro</subfield>
    <subfield code="f">1972-</subfield>
    <subfield code="4">340</subfield>
    <subfield code="9">31730</subfield>
  </datafield>
  <datafield tag="801" ind1=" " ind2="0">
    <subfield code="a">PT</subfield>
    <subfield code="b">BN</subfield>
    <subfield code="g">RPC</subfield>
  </datafield>
  <datafield tag="942" ind1=" " ind2=" ">
    <subfield code="c">MON</subfield>
    <subfield code="n">0</subfield>
  </datafield>
  <datafield tag="995" ind1=" " ind2=" ">
    <subfield code="0">0</subfield>
    <subfield code="2">0</subfield>
    <subfield code="5">2023-01-12</subfield>
    <subfield code="9">108702</subfield>
    <subfield code="b">BMTAV</subfield>
    <subfield code="c">BMTAV</subfield>
    <subfield code="f">BMTAV62647</subfield>
    <subfield code="g">SA</subfield>
    <subfield code="j">62647</subfield>
    <subfield code="k">R9 MAN</subfield>
    <subfield code="o">0</subfield>
    <subfield code="q">4 - Educa&#xE7;&#xE3;o de Qualidade</subfield>
    <subfield code="r">MON</subfield>
  </datafield>
</record>
